[Event "AUTO-MASTER-852"]
[Site "http://www.queenalice.com/game.php?id=619178"]
[Date "2009.7.15"]
[Round "1"]
[White "Evandrobit"]
[Black "Isabelle"]
[Result "0-1"]
[WhiteElo "2215"]
[BlackElo "2118"]

1. d4 Nf6 2. c4 g6 3. Nc3 d5 4. Nf3 Bg7 5. Bf4 O-O 6. e3 c5 7. Be2 cxd4 8. exd4
Nc6 9. O-O dxc4 10. Bxc4 Qb6 11. Bb3 Bg4 12. d5 Bxf3 13. Qxf3 Nd4 14. Qd1 Nxb3
15. Qxb3 Qxb3 16. axb3 Rfd8 17. Rfd1 Ne8 18. Re1 Rd7 19. Re2 Nc7 20. Bxc7 Rxc7
21. Re3 Rd8 22. Nb5 Rc2 23. Rxe7 Bxb2 24. Rf1 a6 25. Na7 Bd4 26. Rxb7 Rxd5 27.
Rb8+ Kg7 28. Rc8 Rdc5 29. Rd8 Rd2 30. Kh1 Rcc2 31. Rd7 Rxf2 32. Rd1 Be3 33. Re7
Bc5 34. Rc7 Rfd2 35. Rb1 Be3 36. Re7 Bg5 37. Re5 Rxg2 0-1

[Event "AUTO-MASTER-852"]
[Site "http://www.queenalice.com/game.php?id=619179"]
[Date "2009.7.15"]
[Round "1"]
[White "Isabelle"]
[Black "Evandrobit"]
[Result "1-0"]
[WhiteElo "2176"]
[BlackElo "2303"]

1. Nf3 Nf6 2. c4 e6 3. g3 Be7 4. Bg2 d5 5. d4 O-O 6. O-O Nbd7 7. Qc2 c6 8. b3 b6
9. Rd1 Bb7 10. Nc3 Rc8 11. e4 dxe4 12. Nxe4 Nxe4 13. Qxe4 Nf6 14. Qc2 Qc7 15.
Bf4 Bd6 16. Bxd6 Qxd6 17. Ne5 Rfd8 18. c5 bxc5 19. Qxc5 Qxc5 20. dxc5 Rxd1+ 21.
Rxd1 Nd5 22. Nc4 Kf8 23. Bxd5 exd5 24. Nd6 Rb8 25. Rd4 Bc8 26. Ra4 a6 27. f4 Ke7
28. Kf2 h6 29. Ke3 g5 30. Nxc8+ Rxc8 31. Rxa6 Kd7 32. Ra7+ Ke6 33. b4 gxf4+ 34.
Kxf4 d4 35. Ke4 Rd8 36. Kd3 f6 37. Rc7 Kd5 38. a4 h5 39. a5 f5 40. a6 Ra8 41. a7
Ke5 42. b5 cxb5 43. Rd7 b4 44. c6 Ke6 45. Rb7 Kd6 46. c7 b3 47. Rb8 b2 48. c8=Q
b1=Q+ 49. Rxb1 Rxc8 50. Rb8 Rc3+ 51. Kxd4 Ra3 52. a8=Q Rxa8 53. Rxa8 Ke6 54.
Ra6+ Kf7 55. Ke5 Kg7 56. Kxf5 Kh7 57. Ra7+ 1-0

[Event "AUTO-MASTER-852"]
[Site "http://www.queenalice.com/game.php?id=619194"]
[Date "2009.7.15"]
[Round "1"]
[White "Isabelle"]
[Black "zhiii00"]
[Result "1-0"]
[WhiteElo "2169"]
[BlackElo "2006"]

1. Nf3 d5 2. d4 Nf6 3. c4 c6 4. cxd5 cxd5 5. Nc3 Nc6 6. e3 g6 7. Ne5 a6 8. f4 e6
9. Bd3 Bd7 10. O-O Be7 11. Bd2 b5 12. Be1 Rc8 13. Bh4 O-O 14. Rc1 Re8 15. Qe2
Rc7 16. a3 Nh5 17. Bxe7 Qxe7 18. f5 Nxe5 19. dxe5 Qg5 20. Ne4 dxe4 21. Rxc7 exd3
22. Qxd3 Rd8 23. Rd1 1-0

[Event "AUTO-MASTER-852"]
[Site "http://www.queenalice.com/game.php?id=619195"]
[Date "2009.7.15"]
[Round "1"]
[White "zhiii00"]
[Black "Isabelle"]
[Result "0-1"]
[WhiteElo "2017"]
[BlackElo "2161"]

1. e4 c5 2. Nf3 e6 3. d4 cxd4 4. Nxd4 Nc6 5. Nc3 Qc7 6. Be3 Nf6 7. f3 Bb4 8. Nb5
Qb8 9. a3 Be7 10. Be2 a6 11. Nd4 b5 12. Nxc6 dxc6 13. O-O e5 14. f4 O-O 15. f5
a5 16. Bf3 Ba6 17. Rf2 b4 18. Na4 Bb5 19. Nc5 Qb6 20. Nd7 Qxe3 21. Nxf8 Bc5 22.
Qe1 Qxe1+ 23. Rxe1 Rd8 0-1

[Event "AUTO-MASTER-852"]
[Site "http://www.queenalice.com/game.php?id=619196"]
[Date "2009.7.15"]
[Round "1"]
[White "Isabelle"]
[Black "raposaazul"]
[Result "1/2-1/2"]
[WhiteElo "2159"]
[BlackElo "2215"]

1. Nf3 Nf6 2. c4 c5 3. Nc3 g6 4. e4 Bg7 5. d4 Qa5 6. Bd2 cxd4 7. Nxd4 d6 8. Be2
Nc6 9. Nb3 Qd8 10. O-O b6 11. Be3 Bb7 12. f3 O-O 13. Qd2 Nd7 14. Rac1 Nc5 15.
Nd4 Bxd4 16. Bxd4 Nxd4 17. Qxd4 e5 18. Qd2 Qd7 19. Rfd1 Rfd8 20. Nb5 1/2-1/2

[Event "AUTO-MASTER-852"]
[Site "http://www.queenalice.com/game.php?id=619197"]
[Date "2009.7.15"]
[Round "1"]
[White "raposaazul"]
[Black "Isabelle"]
[Result "1-0"]
[WhiteElo "2278"]
[BlackElo "2192"]

1. e4 c5 2. Nf3 e6 3. Nc3 Nc6 4. Bb5 Nge7 5. d4 cxd4 6. Nxd4 Nxd4 7. Qxd4 a6 8.
Be2 Nc6 9. Qd3 Bc5 10. O-O O-O 11. Qg3 f6 12. Rd1 Ne5 13. Na4 Ba7 14. Bh6 Ng6
15. Be3 Bb8 16. Qf3 Qc7 17. Qh3 Ba7 18. Bxa7 Rxa7 19. c4 b6 20. Qe3 Rb7 21. Rac1
d6 22. Qd4 Qc6 23. b3 Ne5 24. Bh5 g6 25. Be2 Kg7 26. Qxd6 Qxe4 27. Kf1 Qh4 28.
h3 Nf7 29. Qd2 e5 30. Qe3 Qf4 31. Qxf4 exf4 32. c5 b5 33. Nb6 Ne5 34. Rd6 Bf5
35. b4 f3 36. Bxf3 Nxf3 37. gxf3 Bxh3+ 38. Kg1 h5 39. Rc3 Re8 40. Nd5 Rd7 41.
Kh2 Rxd6 42. cxd6 Bf5 43. Rc7+ Kh6 44. f4 g5 45. Nxf6 Rd8 46. d7 gxf4 47. Rc6
1-0

[Event "AUTO-MASTER-859"]
[Site "http://www.queenalice.com/game.php?id=624252"]
[Date "2009.7.24"]
[Round "1"]
[White "franliro"]
[Black "Isabelle"]
[Result "0-1"]
[WhiteElo "2017"]
[BlackElo "2133"]

1. d4 Nf6 2. c4 g6 3. Nc3 d5 4. Nf3 Bg7 5. e3 O-O 6. Qb3 e6 7. Bd3 b6 8. cxd5
exd5 9. Bd2 c5 10. dxc5 bxc5 11. Be2 d4 12. exd4 cxd4 13. Nb5 Ne4 14. Qc4 Nxd2
15. Nxd2 a6 16. Nc7 Ra7 17. Rc1 Be5 18. Nd5 Be6 19. Qc5 Rd7 20. Ne7+ Rxe7 21.
O-O d3 22. Qxe5 dxe2 23. Qxe2 Bf5 24. Qd1 Rd7 0-1

[Event "AUTO-MASTER-859"]
[Site "http://www.queenalice.com/game.php?id=624253"]
[Date "2009.7.24"]
[Round "1"]
[White "Isabelle"]
[Black "franliro"]
[Result "1-0"]
[WhiteElo "2152"]
[BlackElo "1989"]

1. Nf3 Nf6 2. c4 g6 3. Nc3 Bg7 4. e4 d6 5. d4 Bg4 6. Be2 O-O 7. Be3 Nbd7 8. O-O
Rc8 9. Qb3 b6 10. h3 Bxf3 11. Bxf3 c5 12. d5 Ne5 13. Be2 Ne8 14. Rae1 f5 15. f4
Nd7 16. exf5 Rxf5 17. Bg4 Rf8 18. Be6+ Kh8 19. f5 gxf5 20. Bxf5 Nef6 21. Ne2 Nh5
22. g4 Rg8 23. Kh1 Nhf6 24. Nf4 Qe8 25. g5 Nxd5 26. cxd5 Be5 27. Qa4 Nf8 28. Qe4
e6 29. dxe6 Rxg5 30. e7 Rxf5 31. Qxf5 Nd7 32. Ne6 Qxe7 33. Bg5 Qe8 34. Rxe5 Nxe5
35. Qf6+ 1-0

[Event "AUTO-MASTER-859"]
[Site "http://www.queenalice.com/game.php?id=624264"]
[Date "2009.7.24"]
[Round "1"]
[White "DenisDiaz"]
[Black "Isabelle"]
[Result "0-1"]
[WhiteElo "1933"]
[BlackElo "2111"]

1. e4 c5 2. Nf3 e6 3. d4 cxd4 4. Nxd4 Nc6 5. Be3 Nf6 6. Nxc6 bxc6 7. Be2 Nxe4 8.
O-O Be7 9. Nd2 Nf6 10. c4 c5 11. Bf3 Rb8 12. b3 Qc7 13. Re1 O-O 14. Nf1 d5 15.
cxd5 Rd8 16. Qc2 Nxd5 17. Bd2 Nb4 18. Bxb4 Rxb4 19. Rac1 Rbd4 20. Red1 Qa5 21.
Ne3 Rd2 22. Rxd2 Rxd2 23. Qe4 Rxa2 0-1

[Event "AUTO-MASTER-859"]
[Site "http://www.queenalice.com/game.php?id=624265"]
[Date "2009.7.24"]
[Round "1"]
[White "Isabelle"]
[Black "DenisDiaz"]
[Result "1-0"]
[WhiteElo "2105"]
[BlackElo "1916"]

1. Nf3 d5 2. d4 Nf6 3. c4 c6 4. cxd5 cxd5 5. Nc3 e6 6. Bf4 Bd6 7. Bg3 Bxg3 8.
hxg3 Nc6 9. e3 a6 10. Bd3 Qb6 11. a3 Na5 12. Ne5 O-O 13. Bxh7+ Nxh7 14. Qh5 1-0

[Event "AUTO-MASTER-859"]
[Site "http://www.queenalice.com/game.php?id=624272"]
[Date "2009.7.24"]
[Round "1"]
[White "Isabelle"]
[Black "docb"]
[Result "1-0"]
[WhiteElo "2088"]
[BlackElo "2129"]

1. Nf3 Nf6 2. c4 g6 3. Nc3 Bg7 4. e4 d6 5. d4 c5 6. d5 O-O 7. h3 a6 8. a4 e6 9.
Bd3 exd5 10. exd5 Re8+ 11. Be3 Bh6 12. O-O Bxe3 13. fxe3 Rxe3 14. Qd2 Qe8 15.
Nd1 Re7 16. Qf4 Ne4 17. Bxe4 Rxe4 18. Qxd6 Rxc4 19. Ne5 Rc2 20. Rxf7 Bf5 21. Qf6
Qxe5 22. Rf8# 1-0

[Event "AUTO-MASTER-859"]
[Site "http://www.queenalice.com/game.php?id=624273"]
[Date "2009.7.24"]
[Round "1"]
[White "docb"]
[Black "Isabelle"]
[Result "0-1"]
[WhiteElo "2087"]
[BlackElo "2142"]

1. e4 c5 2. Nc3 e6 3. f4 d5 4. e5 Nc6 5. g3 Nh6 6. Bg2 Nf5 7. Nf3 h5 8. d3 h4 9.
g4 h3 10. gxf5 hxg2 11. Rg1 exf5 12. Rxg2 d4 13. Ne2 Be6 14. Ng3 g6 15. Bd2 Qb6
16. b3 O-O-O 17. a4 Bd5 18. a5 Qa6 19. Rf2 Be7 20. Nf1 f6 21. exf6 Bxf6 22. Qb1
Bxf3 23. Rxf3 Bh4+ 24. Kd1 Nb8 25. b4 Qc6 26. Rg3 Qh1 27. Ke2 Bxg3 28. hxg3
Rde8+ 29. Be3 Qg2+ 0-1